00794nam a2200217 i 4500001000700000003000900007007000300016008004100019080001500060100002600075245008400101260005800185300002200243490003100265500002900296650003800325830003900363852003300402999001900435952012200454105424ES-MaACLt|060710s1949 sz ||||1| fre d a159.922.271 aReiwald, Paul.99609510aDe l'esprit des masses b: traité de psychologie collective / cPaul Reiwald. aNeuchatel ; aParis : bDelachaux & Niestle, c[1949] a379 p. ; c22 cm.1 aL`homme et ses problèmes aBiblioteca Juan Andrade.17aPsicología social2embne9165730 aL`homme et ses problèmes9232723 aES-MaACLjAND-219 bR.109539 c105424d105424 00104070aATENEOMbATENEOMcDEPO2d2008-01-17eSCl0oAND-219p1110062r2023-02-23 00:00:00w2023-02-23yMONOGRAFIA